| 000 | 00618nam a2200169 i 4500 | ||
|---|---|---|---|
| 001 | 99991 | ||
| 003 | ES-MaACL | ||
| 005 | 20230906182603.0 | ||
| 007 | t| | ||
| 008 | 050921s1969 sp ||||1| spa d | ||
| 100 | 1 |
_aMartínez Sáiz, Pablo. _978399 |
|
| 245 | 1 | 3 |
_aEl tiempo Pascual en la liturgia hispánica _b: desarrollo, estructura y contenido teológico / _cPablo Martínez Saiz. |
| 260 |
_aMadrid : _bInstituto Superior de Pastoral, _c1969. |
||
| 300 |
_a334 p. ; _c23 cm. |
||
| 710 | 2 |
_aUniversidad Pontificia de Salamanca. Instituto Superior de Pastoral (Madrid) _97452 |
|
| 852 |
_aES-MaACL _jC-47948 _bR.72532 |
||
| 999 |
_c99991 _d99991 |
||